000 00537nam a2200205Ia 4500
005 20250326144352.0
008 250326s9999 xx 000 0 und d
020 _a978-0-19-924295-5
037 _aTextbook
040 _aFMSL
_beng
_cFMSL
041 _aeng
_2eng
084 _aR P5
_qFMSL
100 _aJackson F
_941974
245 0 _aContemporary philosophy
_cJackson F; Smith M
260 _aNew Delhi
_bNew Delhi, Oxford
_c2005
300 _a904p
365 _b1995
942 _cTB
_hR P5
999 _c1303455
_d1303455